Sisu (2022): Chapters - Statistics

General Stats
  • This quiz has been taken 12 times
  • The average score is 3 of 6
Answer Stats
Hint Answer % Correct
Chapter 1 The Gold
100%
Chapter 2 The Nazis
83%
Chapter 6 Kill Em' All!
33%
Chapter 3 The Minefield
33%
Chapter 5 Scorched Earth
17%
Chapter 4 The Legend
17%
No matching quizzes found
Score Distribution
Percent of People with Each Score
Percentile by Number Answered
Your Score History
You have not taken this quiz